Statistics for Chemistry - GCSE Definitions (Core)

Click here to take the quiz!

General Stats

  • This quiz has been taken 1,027 times
  • The average score is 10 of 29

Answer Stats

DefinitionTerm% Correct
Sub-atomic particle with a negative chargeElectron
96%
Atoms bonded together chemicallyCompound
82%
Chemical bonds that occur in non-metal compoundsCovalent Bonds
77%
The columns of a periodic table which have similar propertiesGroups
68%
A mixture of elements including a metal, and mainly metals e.g SteelAlloy
55%
The molecule of a single carbon and a single oxygen atomCarbon Monoxide
51%
Group of metals in the centre of the periodic tableTransition Metals
50%
A rock containing enough metal compound to be economically extractedOre
49%
The process of extracting molten metals using charged electrodesElectrolysis
45%
Hydrocarbons with unsaturated carbon bondsAlkene
42%
A solution of calcium hydroxide that can test for Carbon DioxideLimewater
38%
The process of producing ethanol using yeastFermentation
36%
The process of separating hydrocarbons based on different boiling pointsFractional Distillation
35%
A diagram showing the reactivity of different metals, carbon and hydrogenReactivity Series
35%
The layer of the earth that contains magmaMantle
32%
The process of breaking down long chain hydrocarbon moleculesCracking
28%
Fuels that are made of plant or animal productsBiofuels
24%
Breaking down of a compound by heating itThermal Decomposition
23%
The reaction that produces polymers from alkene moleculesPolymerisation
20%
Pollutant that causes acid rain and comes from burning fossil fuelsSulphur Dioxide
19%
The cause of plate movements that occurs in the answer aboveConvection currents
11%
Substances that can be broken down by microorganismsBiodegradable
10%
Extracting copper from ore using plants and burning themPhytomining
10%
Extraction of copper using bacteria to create a copper solutionBioleaching
9%
The reaction that produces ethanol from ethene and waterHydration
8%
A substance that forms emulsions when added to water and oilEmulsifier
4%
The machine used to breakdown Calcium CarbonateRotary Lime Kiln
2%
The name of unsaturated oils that have been hardenedHydrogenated Oils
1%
The experiment that formed amino acids when representing the early atmosphereMiller-Urey Experiment
0%

Score Distribution

Percentile by Number Answered

Percent of People with Each Score

Your Score History

You have not taken this quiz